| Record ID | ia:destroyallmonste0000hrbe |
| Source | Internet Archive |
| Download MARC XML | https://archive.org/download/destroyallmonste0000hrbe/destroyallmonste0000hrbe_marc.xml |
| Download MARC binary | https://www.archive.org/download/destroyallmonste0000hrbe/destroyallmonste0000hrbe_meta.mrc |
LEADER: 00995cam a22002534a 4500
001 2011011197
003 DLC
005 20140924101324.0
008 110324s2011 nbu s000 j eng
010 $a 2011011197
020 $a9780803236448 (pbk. : alk. paper)
020 $a0803236441 (pbk. : alk. paper)
035 $a(OCoLC)ocn708762397
040 $aDLC$cDLC$dYDX$dYDXCP$dBWX$dVVC$dMIX$dCDX$dB@L$dVP@$dDLC
050 00 $aPS3558.R47$bD47 2011
082 00 $a813/.54$222
100 1 $aHrbek, Greg.
245 10 $aDestroy all monsters, and other stories /$cGreg Hrbek.
260 $aLincoln :$bUniversity of Nebraska Press,$cc2011.
300 $a181 p. ;$c22 cm.
490 1 $aPrairie schooner book prize in fiction
505 0 $aSagittarius -- Tomorrow people -- False positive -- Green world -- Destroy all monsters -- Sleeper wave -- The cliffs at Marpi -- frannycam.net/diary -- General Grant (2004-) -- Bereavement.
650 0 $aShort stories.
830 0 $aPrairie schooner book prize in fiction.